[Event "Steinfurt Bezirksklasse 1718"]
[Site "Germany"]
[Date "2018.03.03"]
[Round "6.3"]
[White "Rengers, Rainer"]
[Black "Jendraszyk, Daniel"]
[Result "1-0"]
[WhiteElo "1785"]
[BlackElo "1156"]
[PlyCount "83"]
[EventDate "2017.10.07"]
[EventType "team-tourn"]
[EventRounds "7"]
[EventCountry "GER"]
[SourceTitle "EXT 2019"]
[Source "ChessBase"]
[SourceDate "2018.10.10"]
[SourceVersion "1"]
[SourceVersionDate "2018.10.10"]
[SourceQuality "1"]
[WhiteTeam "Neuenkirchen II"]
[BlackTeam "Emsdetten Rochade VI"]
[WhiteTeamCountry "GER"]
[BlackTeamCountry "GER"]

1. d4 d5 2. Nf3 Nc6 3. c3 b6 4. Bf4 f6 5. e3 e6 6. Bd3 Bd6 7. Bg3 Nge7 8. Nbd2 0-0 9. e4 Ng6 10. Qc2 Nf4 11. Bxf4 Bxf4 12. exd5 exd5 13. Bxh7+ Kh8 14. 0-0-0 f5 15. Bg6 Qf6 16. Bh5 g6 17. Bxg6 Qxg6 18. g3 Bh6 19. Nh4 Qf6 20. Rhe1 Bd7 21. Qd3 Rae8 22. Qf3 Rxe1 23. Rxe1 Bxd2+ 24. Kxd2 Qg5+ 25. Kc2 Ne7 26. Rxe7 Qxe7 27. Ng6+ Kg7 28. Nxe7 Be6 29. Nxd5 Bxd5 30. Qxd5 Re8 31. Qd7+ Kf8 32. Qxf5+ Kg8 33. g4 Rf8 34. Qg5+ Kh7 35. f4 Rg8 36. Qh5+ Kg7 37. f5 c5 38. dxc5 Rh8 39. Qg6+ Kf8 40. f6 Rg8 41. Qh7 bxc5 42. Qe7# 1-0

[Event "Steinfurt Bezirksliga 1314"]
[Site "Germany"]
[Date "2014.03.22"]
[Round "7.3"]
[White "Hartmann, Viktor"]
[Black "Rengers, Rainer"]
[Result "0-1"]
[WhiteElo "1710"]
[BlackElo "1679"]
[PlyCount "72"]
[EventDate "2013.09.14"]
[EventType "team-tourn"]
[EventRounds "9"]
[EventCountry "GER"]
[SourceTitle "EXT 2015"]
[Source "ChessBase"]
[SourceDate "2014.11.20"]
[SourceVersion "1"]
[SourceVersionDate "2014.11.20"]
[SourceQuality "1"]
[WhiteTeam "Ibbenbueren II"]
[BlackTeam "Neuenkirchen II"]
[WhiteTeamCountry "GER"]
[BlackTeamCountry "GER"]

1. d4 Nf6 2. c4 e6 3. Nc3 d5 4. c5 Be7 5. Nf3 0-0 6. Qc2 Nc6 7. a3 e5 8. dxe5 Ng4 9. b4 Ngxe5 10. Nxe5 Nxe5 11. e3 g6 12. Be2 Bf5 13. Qd1 Bf6 14. Bb2 c6 15. 0-0 Qe7 16. h3 Rad8 17. g4 Bc8 18. Kg2 Bg7 19. Rc1 f5 20. f4 fxg4 21. hxg4 Nf7 22. Qd3 Nh6 23. Kh3 Nf5 24. Rf3 Qh4+ 25. Kg2 Qxg4+ 26. Kf2 Qh4+ 27. Kg2 Nh6 28. Rh1 Qg4+ 29. Rg3 Qf5 30. Qd2 d4 31. exd4 Rxd4 32. Qe3 Rxf4 33. Nd1 Ng4 34. Bxg4 Rxg4 35. Bxg7 Qd5+ 36. Kh2 Rh4+ 0-1

[Event "Neuenkirchen SFN CC-ch"]
[Site "Neuenkirchen"]
[Date "2012.01.13"]
[Round "5"]
[White "Rengers, Rainer"]
[Black "Beckmann, Klaus"]
[Result "0-1"]
[WhiteElo "1620"]
[BlackElo "2134"]
[PlyCount "132"]
[EventDate "2011.09.16"]
[EventType "tourn"]
[EventRounds "9"]
[EventCountry "GER"]
[SourceTitle "EXT 2013"]
[Source "ChessBase"]
[SourceDate "2012.11.22"]
[SourceVersion "1"]
[SourceVersionDate "2012.11.22"]
[SourceQuality "1"]

1. d4 d5 2. Nf3 Nf6 3. Bg5 Ne4 4. Bf4 c6 5. e3 Qb6 6. b3 e6 7. c3 Nd7 8. Bd3 Ndf6 9. Nfd2 a5 10. 0-0 Nxd2 11. Nxd2 Be7 12. e4 0-0 13. e5 Nd7 14. Qg4 Re8 15. Bh6 Bf8 16. f4 g6 17. Bxf8 Nxf8 18. Rae1 Bd7 19. f5 exf5 20. Bxf5 Be6 21. Rf3 Qc7 22. Ref1 Qd7 23. Bxe6 Nxe6 24. Rxf7 Qxf7 25. Rxf7 Kxf7 26. Qh4 Kg8 27. Qf6 Rad8 28. Nf3 Rd7 29. Qh4 Rf8 30. Qg4 Re7 31. c4 Rf4 32. Qg3 dxc4 33. bxc4 Nxd4 34. Nxd4 Rxd4 35. e6 Re4 36. Qb8+ Kg7 37. c5 R4xe6 38. Qa7 Re1+ 39. Kf2 R1e2+ 40. Kg3 Rxa2 41. Qb6 a4 42. Qb4 Rae2 43. Qd4+ Kg8 44. Qc4+ R7e6 45. Qxa4 R6e3+ 46. Kf4 Re4+ 47. Qxe4 Rxe4+ 48. Kxe4 Kf7 49. Ke5 Ke7 50. g4 Kd7 51. g5 Kc7 52. Kf6 b5 53. cxb6+ Kxb6 54. Kg7 c5 55. Kxh7 c4 56. Kxg6 c3 57. h4 c2 58. h5 c1Q 59. h6 Qc3 60. Kh7 Qc7+ 61. Kg6 Qe5 62. h7 Qh8 63. Kh6 Kc6 64. g6 Qf8+ 65. g7 Qf6+ 66. Kh5 Qxg7 0-1

[Event "Steinfurt Bezirk-ch 0910"]
[Site "Neuenkirchen"]
[Date "2009.11.06"]
[Round "2"]
[White "Hemmert, Michael"]
[Black "Rengers, Rainer"]
[Result "1-0"]
[WhiteElo "1862"]
[BlackElo "1702"]
[PlyCount "67"]
[EventDate "2009.10.23"]
[EventType "swiss"]
[EventRounds "7"]
[EventCountry "GER"]
[SourceTitle "EXT 2011"]
[Source "ChessBase"]
[SourceDate "2010.11.26"]
[SourceVersion "1"]
[SourceVersionDate "2010.11.26"]
[SourceQuality "1"]

1. d4 Nf6 2. e3 b6 3. Bd3 Bb7 4. Nf3 e6 5. 0-0 Be7 6. Nbd2 d5 7. Qe2 Qc8 8. e4 dxe4 9. Nxe4 Na6 10. c3 Nxe4 11. Bxe4 Bxe4 12. Qxe4 0-0 13. Ng5 Bxg5 14. Bxg5 Qd7 15. c4 c5 16. Rad1 f6 17. Bf4 Rad8 18. d5 Rfe8 19. Qf3 exd5 20. cxd5 Nb4 21. d6 Nc6 22. Qd5+ Kh8 23. h3 Nd4 24. Kh1 Re2 25. b4 Ne6 26. Be3 Rb2 27. bxc5 bxc5 28. Rfe1 Rb6 29. Bxc5 Nxc5 30. Qxc5 Kg8 31. Re7 Rxd6 32. Rxd7 Rxd1+ 33. Rxd1 Rxd1+ 34. Kh2 1-0

[Event "Steinfurt Bezirk-ch"]
[Site "Rheine"]
[Date "2008.12.01"]
[Round "4"]
[White "Rengers, Rainer"]
[Black "Hemmert, Michael"]
[Result "1/2-1/2"]
[WhiteElo "1620"]
[BlackElo "1911"]
[PlyCount "60"]
[EventDate "2008.10.20"]
[EventType "swiss"]
[EventRounds "7"]
[EventCountry "GER"]
[SourceTitle "EXT 2010"]
[Source "ChessBase"]
[SourceDate "2010.11.25"]
[SourceVersion "1"]
[SourceVersionDate "2010.11.25"]
[SourceQuality "1"]

1. d4 f5 2. c4 g6 3. Nc3 Nf6 4. g3 Bg7 5. Bg2 0-0 6. e4 fxe4 7. Nxe4 Nxe4 8. Bxe4 c6 9. Ne2 d5 10. cxd5 cxd5 11. Qb3 e6 12. Bg2 Nc6 13. Be3 b6 14. 0-0 Ba6 15. Rfe1 Bxe2 16. Rxe2 Nxd4 17. Bxd4 Bxd4 18. Rd1 Qf6 19. Rxe6 Qxf2+ 20. Kh1 Rad8 21. Bxd5 Kh8 22. Qc4 Bg7 23. Re2 Qf5 24. Qb3 Qh3 25. Bg2 Qg4 26. Rde1 Rd7 27. Re8 Qd4 28. Qf3 Rd8 29. Rxd8 Qxd8 30. Qe2 Qd4 1/2-1/2

[Event "Steinfurt Bezirk-ch"]
[Site "Rheine"]
[Date "2008.10.27"]
[Round "1"]
[White "Hoge, Reinhard"]
[Black "Rengers, Rainer"]
[Result "1-0"]
[WhiteElo "1940"]
[BlackElo "1620"]
[PlyCount "65"]
[EventDate "2008.10.20"]
[EventType "swiss"]
[EventRounds "7"]
[EventCountry "GER"]
[SourceTitle "EXT 2010"]
[Source "ChessBase"]
[SourceDate "2010.11.25"]
[SourceVersion "1"]
[SourceVersionDate "2010.11.25"]
[SourceQuality "1"]

1. Nf3 d5 2. g3 Nf6 3. Bg2 e6 4. 0-0 Be7 5. d3 0-0 6. Nbd2 b6 7. e4 c5 8. e5 Nfd7 9. Re1 Bb7 10. Nf1 Nc6 11. h4 Qc7 12. Bf4 d4 13. N1h2 b5 14. Ng4 Rfd8 15. h5 Bf8 16. h6 g6 17. Ng5 Nb4 18. Ne4 Nd5 19. Bd2 N7b6 20. Qf3 a5 21. Bg5 Rd7 22. Nd6 Bxd6 23. exd6 Qxd6 24. Nf6+ Nxf6 25. Qxf6 Qf8 26. Bf4 Nd5 27. Bxd5 Rxd5 28. Re5 Rad8 29. Rae1 c4 30. Rxd5 Rxd5 31. Re5 cxd3 32. Rxd5 d2 33. Rxd4 1-0